[Event "Civil Service Minor op"]
[Site "London"]
[Date "2005.11.06"]
[Round "4"]
[White "Francis, Wilbur W"]
[Black "Foley, Phil T"]
[Result "1/2-1/2"]
[WhiteElo "1456"]
[BlackElo "1136"]
[PlyCount "112"]
[EventDate "2005.11.05"]
[EventType "swiss"]
[EventRounds "5"]
[EventCountry "ENG"]
[SourceTitle "EXT 2007"]
[Source "ChessBase"]
[SourceDate "2006.11.23"]
[SourceVersion "1"]
[SourceVersionDate "2006.11.23"]
[SourceQuality "1"]

1. e4 d6 2. d4 Nf6 3. Nc3 g6 4. Bg5 Bg7 5. Qd2 h6 6. Bf4 c6 7. Bc4 d5 8. exd5 Nxd5 9. Nf3 Nxf4 10. Qxf4 e6 11. 0-0 Nd7 12. Qd6 Nb6 13. Qxd8+ Kxd8 14. Bb3 Nd5 15. Ne4 b6 16. Rfe1 Ke7 17. Ne5 Bd7 18. c3 Bxe5 19. dxe5 f6 20. Bxd5 cxd5 21. Nxf6 Bb5 22. Rad1 Rac8 23. Rd4 Rc4 24. Red1 a5 25. a3 Ba6 26. Rxc4 Bxc4 27. Rd4 g5 28. g4 Be2 29. Kg2 h5 30. gxh5 Bxh5 31. f3 Kf7 32. Kg3 Kg6 33. a4 Kf5 34. Rd2 Kxe5 35. Nd7+ Kd6 36. Nf6 Rh6 37. Ne4+ Ke7 38. Nxg5 Rf6 39. f4 Be8 40. h3 Bxa4 41. b4 Bb3 42. Rb2 a4 43. Rb1 Bc4 44. Ra1 b5 45. h4 Rg6 46. Ra3 Kf6 47. Ra1 Kf5 48. Kf3 Rh6 49. Kg3 Rh8 50. Ra3 Rg8 51. Kf3 e5 52. fxe5 Kxe5 53. Nf7+ Ke6 54. Ng5+ Kf5 55. Ra1 Re8 56. Nf7 Be2+ 1/2-1/2